Ligue 1: 50+ Assists (2000-) - Statistics

General Stats
  • This quiz has been taken 12 times
  • The average score is 4 of 10
Answer Stats
Ranking Player Positions Nationality Matches Goals (assists) Periods Clubs % Correct
4 Kylian Mbappé MF, FW 246 191 (64) 2015-2024
100%
3 Ángel Di María MF, FW 197 56 (72) 2015-2022
90%
1 Dimitri Payet MF, FW 492 103 (115) 2005-2014, 2016-2023
70%
5 Juninho Pernambucano MF 248 74 (62) 2001-2009
40%
2 Jérôme Rothen MF 294 22 (77) 2000-2008, 2012-2013
30%
10 Mathieu Valbuena MF, FW 298 36 (50) 2006-2013, 2015-2017
30%
8 Ryad Boudebouz MF, FW 369 49 (61) 2008-2016, 2019-2022
20%
9 Yann Lachuer MF 225 23 (52) 2000-2007
20%
7 Jimmy Briand MF, FW 483 102 (61) 2002-2013, 2015-2022
10%
6 Olivier Monterrubio MF 275 60 (62) 2000-2007, 2009-2011
10%
No matching quizzes found
Score Distribution
Percent of People with Each Score
Percentile by Number Answered
Your Score History
You have not taken this quiz